[Event "Biel Rapid op 58th"]
[Site "Biel"]
[Date "2025.07.13"]
[Round "9"]
[White "Schweizer, Simon"]
[Black "Vemparala, Nikash"]
[Result "1-0"]
[WhiteElo "2170"]
[BlackElo "2187"]
[PlyCount "47"]
[EventDate "2025.07.13"]
[EventType "swiss (rapid)"]
[EventRounds "9"]
[EventCountry "SUI"]
[SourceTitle "CB29_2025"]
[SourceDate "2025.07.16"]
[SourceVersion "1"]
[SourceVersionDate "2025.07.16"]
[SourceQuality "1"]

1. e4 e5 2. Nf3 Nc6 3. Nc3 Nf6 4. g3 d5 5. exd5 Nxd5 6. Bg2 Nxc3 7. bxc3 e4 8. Qe2 Qe7 9. Nd4 Nxd4 10. cxd4 f5 11. 0-0 Qd6 12. d3 Qxd4 13. dxe4 fxe4 14. Bxe4 Be7 15. Ba3 c5 16. c3 Qd6 17. Rad1 Qe6 18. Rfe1 Rb8 19. Bxc5 Bd7 20. Bxe7 Kxe7 21. Qd3 Rhd8 22. Bf5 Qxe1+ 23. Rxe1+ Kf6 24. Bxd7 1-0

[Event "Biel Rapid op 58th"]
[Site "Biel"]
[Date "2025.07.13"]
[Round "8"]
[White "Yilmaz, Mustafa"]
[Black "Schweizer, Simon"]
[Result "1-0"]
[WhiteElo "2586"]
[BlackElo "2170"]
[PlyCount "65"]
[EventDate "2025.07.13"]
[EventType "swiss (rapid)"]
[EventRounds "9"]
[EventCountry "SUI"]
[SourceTitle "CB29_2025"]
[SourceDate "2025.07.16"]
[SourceVersion "1"]
[SourceVersionDate "2025.07.16"]
[SourceQuality "1"]

1. d4 Nf6 2. c4 e6 3. Nf3 d5 4. Nc3 Bb4 5. Qa4+ Nc6 6. e3 0-0 7. Qc2 Ne7 8. Bd2 b6 9. a3 Bxc3 10. Bxc3 Bb7 11. c5 Ne4 12. Bd3 f5 13. Ne5 bxc5 14. Bxe4 dxe4 15. dxc5 Bd5 16. b4 c6 17. Rd1 Qc7 18. h4 f4 19. h5 fxe3 20. fxe3 Rf5 21. g4 Rg5 22. Qh2 h6 23. Rf1 Rc8 24. Qf4 Kh7 25. Nf7 Qxf4 26. Rxf4 Kg8 27. Nxg5 hxg5 28. Rf2 Rf8 29. Rxf8+ Kxf8 30. Rd2 Kg8 31. Be5 a6 32. Bd6 Nc8 33. Rf2 1-0

[Event "SUI-chT"]
[Site "Switzerland"]
[Date "2024.08.25"]
[Round "7.7"]
[White "Schweizer, Simon"]
[Black "Schlegel, Igor"]
[Result "1-0"]
[WhiteElo "2110"]
[BlackElo "2196"]
[PlyCount "117"]
[EventDate "2024.03.10"]
[EventType "team-tourn"]
[EventRounds "9"]
[EventCountry "SUI"]
[SourceTitle "EXT 2025"]
[Source "ChessBase"]
[SourceDate "2024.10.14"]
[SourceVersion "1"]
[SourceVersionDate "2024.10.14"]
[SourceQuality "1"]
[WhiteTeam "Bern Schwarz Weiss"]
[BlackTeam "Winterthur"]
[WhiteTeamCountry "SUI"]
[BlackTeamCountry "SUI"]

1. e4 c5 2. Nf3 d6 3. d4 cxd4 4. Nxd4 Nf6 5. Nc3 a6 6. h3 e5 7. Nde2 h5 8. g3 Be7 9. Bg2 b5 10. Nd5 Nxd5 11. Qxd5 Ra7 12. Be3 Be6 13. Qd2 Rb7 14. Nc3 Nd7 15. Nd5 Bxd5 16. Qxd5 Qc7 17. 0-0 0-0 18. Qd2 Rc8 19. Rfc1 h4 20. gxh4 Bxh4 21. b3 Nc5 22. Kh2 Qe7 23. Rd1 Rc6 24. Rac1 Ne6 25. c4 b4 26. Qd5 Qc7 27. Rd2 Bg5 28. Bxg5 Nxg5 29. f4 Ne6 30. fxe5 dxe5 31. Rf1 Rc5 32. Qd3 Nd4 33. Qg3 Rb6 34. Rdf2 Rg6 35. Qe3 f6 36. Bf3 a5 37. Bg4 a4 38. Rg2 Kf8 39. Rfg1 axb3 40. axb3 Ra5 41. Bh5 Rxg2+ 42. Rxg2 Ra3 43. Bd1 Ra1 44. Qd2 Qa5 45. Qd3 Qa3 46. Qg3 g5 47. Qg4 Qc1 48. Qc8+ Kg7 49. Qd7+ Kh6 50. Rf2 Ra6 51. Qc8 Qxd1 52. Qxa6 Nf3+ 53. Kg3 Kg6 54. Qb6 Qd4 55. Qe6 Qxe4 56. Rxf3 Qe1+ 57. Kg2 Qe2+ 58. Rf2 Qe4+ 59. Kh2 1-0

[Event "Basel Carnival op"]
[Site "Basel"]
[Date "2024.02.02"]
[Round "1"]
[White "Schweizer, Simon"]
[Black "Wellbourne Wood, Joel"]
[Result "1-0"]
[WhiteElo "2140"]
[BlackElo "1595"]
[PlyCount "69"]
[EventDate "2024.02.02"]
[EventType "swiss"]
[EventRounds "5"]
[EventCountry "SUI"]
[SourceTitle "CBM 218 Extra"]
[Source "ChessBase"]
[SourceDate "2024.03.31"]
[SourceVersion "1"]
[SourceVersionDate "2024.03.31"]
[SourceQuality "1"]

1. e4 e5 2. Nf3 Nc6 3. Nc3 Nf6 4. g3 Bc5 5. Bg2 d6 6. d3 h6 7. h3 a6 8. 0-0 0-0 9. Kh2 Ne7 10. d4 exd4 11. Nxd4 Ng6 12. f4 Re8 13. a3 Qd7 14. Qd3 Rb8 15. b3 b5 16. Bb2 Bb7 17. Rae1 Re7 18. Nf5 Re6 19. Nd5 Ne8 20. Nd4 Bxd4 21. Qxd4 c5 22. Qd2 Bxd5 23. Qxd5 Nc7 24. Qd2 Re7 25. f5 Ne5 26. f6 Re6 27. fxg7 Rd8 28. Rd1 Ne8 29. Rf5 Qe7 30. Rh5 Nf6 31. Rh4 h5 32. Rf4 Kxg7 33. Rdf1 Kh8 34. Rxf6 Rxf6 35. Qg5 1-0

[Event "SUI-ch Blitz"]
[Site "Biel"]
[Date "2023.07.29"]
[Round "3"]
[White "Begdullayev, Tamerlan"]
[Black "Schweizer, Simon"]
[Result "0-1"]
[WhiteElo "1783"]
[BlackElo "2123"]
[PlyCount "76"]
[EventDate "2023.07.29"]
[EventType "swiss (blitz)"]
[EventRounds "13"]
[EventCountry "SUI"]
[SourceTitle "CBM 215 Extra"]
[Source "ChessBase"]
[SourceDate "2023.09.30"]
[SourceVersion "1"]
[SourceVersionDate "2023.09.30"]
[SourceQuality "1"]

1. c4 e6 2. d4 Nf6 3. Nc3 Bb4 4. a3 Bxc3+ 5. bxc3 0-0 6. Nf3 b6 7. Bg5 Bb7 8. e3 d6 9. Be2 Nbd7 10. 0-0 Re8 11. Qc2 h6 12. Bh4 Nf8 13. Rfd1 Ng6 14. Bg3 Ne4 15. d5 Nxg3 16. hxg3 Qf6 17. e4 Re7 18. Bd3 e5 19. a4 a5 20. Qe2 Bc8 21. Ne1 Bd7 22. Nc2 Rf8 23. Na3 Bxa4 24. Rd2 Bd7 25. Nb5 Bxb5 26. cxb5 Qg5 27. c4 h5 28. Rf1 h4 29. gxh4 Nxh4 30. g3 Qxd2 31. gxh4 Qf4 32. Ra1 Qxh4 33. Qf3 f5 34. Qg2 f4 35. f3 Rf6 36. Kf1 Kf7 37. Qf2 Qh1+ 38. Qg1 Qxf3+ 0-1

[Event "SUI-ch Blitz"]
[Site "Biel"]
[Date "2023.07.29"]
[Round "7"]
[White "Malli, Suvirr"]
[Black "Schweizer, Simon"]
[Result "1/2-1/2"]
[WhiteElo "2094"]
[BlackElo "2123"]
[PlyCount "79"]
[EventDate "2023.07.29"]
[EventType "swiss (blitz)"]
[EventRounds "13"]
[EventCountry "SUI"]
[SourceTitle "CBM 215 Extra"]
[Source "ChessBase"]
[SourceDate "2023.09.30"]
[SourceVersion "1"]
[SourceVersionDate "2023.09.30"]
[SourceQuality "1"]

1. d4 Nf6 2. Nc3 d5 3. Bf4 c6 4. e3 g6 5. h4 h5 6. Nf3 Bg7 7. Ne5 Nbd7 8. Be2 Nf8 9. Qd2 Bg4 10. f3 Bc8 11. 0-0-0 Ne6 12. Bg3 Bd7 13. Bf2 b5 14. g4 hxg4 15. fxg4 b4 16. Nb1 Ne4 17. Qe1 a5 18. Nd2 Nxd2 19. Qxd2 Qb6 20. Nxd7 Kxd7 21. Kb1 a4 22. Bf3 b3 23. cxb3 axb3 24. a3 Nc7 25. e4 e6 26. exd5 Nxd5 27. Bxd5 cxd5 28. Rc1 Rhc8 29. Be3 Qb5 30. h5 gxh5 31. gxh5 Rc4 32. Qf2 f5 33. Qg3 Bf6 34. Qg6 Rxc1+ 35. Rxc1 Qd3+ 36. Ka1 Qxe3 37. Qf7+ Be7 38. Rc7+ Kxc7 39. Qxe7+ Kb6 40. Qd6+ 1/2-1/2

[Event "SUI-ch Blitz"]
[Site "Biel"]
[Date "2023.07.29"]
[Round "13"]
[White "Matsuo, Tom"]
[Black "Schweizer, Simon"]
[Result "1/2-1/2"]
[WhiteElo "1709"]
[BlackElo "2123"]
[PlyCount "84"]
[EventDate "2023.07.29"]
[EventType "swiss (blitz)"]
[EventRounds "13"]
[EventCountry "SUI"]
[SourceTitle "CBM 215 Extra"]
[Source "ChessBase"]
[SourceDate "2023.09.30"]
[SourceVersion "1"]
[SourceVersionDate "2023.09.30"]
[SourceQuality "1"]

1. e4 e5 2. Nc3 Nf6 3. g3 d5 4. exd5 Nxd5 5. Bg2 Nxc3 6. bxc3 Nc6 7. Ne2 Bd6 8. 0-0 0-0 9. d4 Rb8 10. Re1 h6 11. Qd3 Qf6 12. Rb1 Bf5 13. Qd1 Rfd8 14. Be3 a6 15. Nc1 Na5 16. Nd3 Nc4 17. Rxb7 Nxe3 18. fxe3 e4 19. Rxb8 Rxb8 20. Nf2 Qe6 21. Qa1 a5 22. Rb1 Rxb1+ 23. Qxb1 Qc4 24. Bf1 Qxc3 25. Qb3 Qe1 26. Qd5 Bg6 27. Nxe4 Qxe3+ 28. Nf2 Bxc2 29. Qxa5 Qxd4 30. Qa8+ Kh7 31. Qf3 Kg8 32. Bd3 Bxd3 33. Qxd3 Qa1+ 34. Kg2 Qxa2 35. Qc3 g5 36. Qd2 c6 37. Nd1 Qd5+ 38. Qxd5 cxd5 39. Kf3 h5 40. h3 d4 41. g4 hxg4+ 42. hxg4 Ba3 1/2-1/2

[Event "Oberliga Baden 2223"]
[Site "Germany"]
[Date "2023.01.15"]
[Round "5.4"]
[White "Schweizer, Simon"]
[Black "Stemmler, Tim"]
[Result "1-0"]
[WhiteElo "2170"]
[BlackElo "1999"]
[PlyCount "61"]
[EventDate "2022.09.18"]
[EventType "team-tourn"]
[EventRounds "9"]
[EventCountry "GER"]
[SourceTitle "EXT 2024"]
[Source "ChessBase"]
[SourceDate "2023.10.10"]
[SourceVersion "1"]
[SourceVersionDate "2023.10.10"]
[SourceQuality "1"]
[WhiteTeam "Brombach"]
[BlackTeam "Ladenburg"]
[WhiteTeamCountry "GER"]
[BlackTeamCountry "GER"]

1. e4 e5 2. Nf3 Nc6 3. Nc3 Nf6 4. g3 d5 5. exd5 Nxd5 6. Bg2 Be6 7. 0-0 Be7 8. Re1 Nxc3 9. bxc3 Bf6 10. Ba3 Qd7 11. d3 0-0-0 12. Nd2 Bd5 13. Ne4 Be7 14. Bxe7 Qxe7 15. Qg4+ Qe6 16. Qxe6+ Bxe6 17. Ng5 Bd5 18. Bxd5 Rxd5 19. Nxf7 Rf8 20. Ng5 h6 21. Ne4 b6 22. a4 Rf7 23. Kg2 Kd8 24. Reb1 Ke8 25. Rb5 Rd8 26. Re1 Kf8 27. Nd2 a6 28. Rbb1 Re8 29. Re4 g5 30. Rbe1 Rfe7 31. h4 1-0

[Event "Oberliga Baden 2122"]
[Site "Germany"]
[Date "2022.03.20"]
[Round "9.3"]
[White "Nippgen, Georg"]
[Black "Schweizer, Simon"]
[Result "0-1"]
[WhiteElo "2236"]
[BlackElo "2165"]
[PlyCount "84"]
[EventDate "2021.10.10"]
[EventType "team-tourn"]
[EventRounds "11"]
[EventCountry "GER"]
[SourceTitle "EXT 2023"]
[Source "ChessBase"]
[SourceDate "2022.10.05"]
[SourceVersion "1"]
[SourceVersionDate "2022.10.05"]
[SourceQuality "1"]
[WhiteTeam "Ettlingen"]
[BlackTeam "Brombach"]
[WhiteTeamCountry "GER"]
[BlackTeamCountry "GER"]

1. b3 b5 2. e3 Bb7 3. Bb2 e6 4. f4 Nf6 5. Nf3 a6 6. Be2 Be7 7. 0-0 0-0 8. c4 bxc4 9. bxc4 c5 10. Nc3 d6 11. Qc2 Qc7 12. Ng5 Nbd7 13. Bd3 h6 14. Nge4 d5 15. cxd5 exd5 16. Ng3 Rfe8 17. Rac1 Bf8 18. Na4 Rac8 19. Bxf6 Nxf6 20. Bf5 Qc6 21. Bxc8 Rxc8 22. Rfe1 d4 23. e4 c4 24. Nb2 d3 25. Qc3 Qc5+ 26. Kh1 Ng4 27. Nd1 h5 28. h3 Nf2+ 29. Nxf2 Qxf2 30. Re3 Qxf4 31. Rf1 Qh6 32. Nf5 Qe6 33. Nxg7 Bxg7 34. Rg3 Qh6 35. Rf6 Qh7 36. Rf5 Bxe4 37. Rxh5 Bg6 38. Re5 Bxe5 39. Qxe5 Qg7 40. Qd6 c3 41. Qa3 Re8 42. dxc3 d2 0-1

[Event "Biel HTO 54th"]
[Site "Biel"]
[Date "2021.08.01"]
[Round "6"]
[White "Blagojevic, Tijana"]
[Black "Schweizer, Simon"]
[Result "1-0"]
[WhiteElo "2222"]
[BlackElo "2142"]
[PlyCount "101"]
[EventDate "2021.07.26"]
[EventType "swiss"]
[EventRounds "9"]
[EventCountry "SUI"]
[SourceTitle "CBM 203 Extra"]
[Source "ChessBase"]
[SourceDate "2021.09.30"]
[SourceVersion "1"]
[SourceVersionDate "2021.09.30"]
[SourceQuality "1"]

1. e4 g6 2. d4 Bg7 3. Nf3 d6 4. Be2 Nf6 5. Nc3 0-0 6. 0-0 a6 7. Re1 Nc6 8. d5 Nb8 9. a4 c5 10. Nd2 Nbd7 11. Nc4 Nb6 12. Ne3 Rb8 13. a5 Nbd7 14. Nc4 Ne5 15. Ne3 h5 16. h3 Ned7 17. Nc4 Ne5 18. Nb6 Ned7 19. Nc4 Ne5 20. Nxe5 dxe5 21. Be3 Qc7 22. Qd3 Bd7 23. Reb1 Rbc8 24. Ra3 Qd6 25. Qc4 Bb5 26. Nxb5 axb5 27. Qxb5 Nxe4 28. Qxb7 f5 29. Qb6 f4 30. Qxd6 exd6 31. Bc1 Nf6 32. Bb5 Rb8 33. Bc6 Rf7 34. c3 Ne4 35. b4 c4 36. b5 Nc5 37. b6 e4 38. a6 e3 39. fxe3 f3 40. gxf3 Rxf3 41. a7 Rbf8 42. Ra2 Rf1+ 43. Kg2 Nd3 44. Ba3 Rxb1 45. Bxd6 Ne1+ 46. Kg3 h4+ 47. Kg4 Nd3 48. Bxf8 Rg1+ 49. Kf3 Rg3+ 50. Ke4 Bxf8 51. a8Q 1-0

[Event "Basel Special op"]
[Site "Basel"]
[Date "2021.07.19"]
[Round "5"]
[White "Schweizer, Simon"]
[Black "Stojanovic, Mihajlo"]
[Result "0-1"]
[WhiteElo "2142"]
[BlackElo "2494"]
[PlyCount "96"]
[EventDate "2021.07.17"]
[EventType "swiss"]
[EventRounds "6"]
[EventCountry "SUI"]
[SourceTitle "CBM 203 Extra"]
[Source "ChessBase"]
[SourceDate "2021.09.30"]
[SourceVersion "1"]
[SourceVersionDate "2021.09.30"]
[SourceQuality "1"]

1. e4 e6 2. d4 d5 3. Nc3 Nf6 4. Bg5 dxe4 5. Nxe4 Be7 6. Bxf6 gxf6 7. Qd3 Nc6 8. c3 Qd5 9. Nf3 e5 10. dxe5 Qxd3 11. Bxd3 fxe5 12. Ng3 Be6 13. Nf5 Bf6 14. Be4 0-0-0 15. Ne3 Ne7 16. h3 h6 17. g3 Rhg8 18. h4 Bh8 19. Bh7 Rgf8 20. Bc2 f5 21. Bb3 Bd7 22. 0-0-0 f4 23. gxf4 Rxf4 24. Nd2 Bf6 25. f3 Rxh4 26. Rxh4 Bxh4 27. Ne4 Rf8 28. Ng4 Ng6 29. Nxh6 Rxf3 30. Rg1 Ne7 31. Nf7 Bc6 32. Be6+ Kb8 33. Nxe5 Bxe4 34. Nxf3 Bxf3 35. Kd2 a6 36. Ke3 Bc6 37. Rg4 Bf6 38. Rg1 Ka7 39. Rg4 a5 40. a4 Nd5+ 41. Kd2 Nb6 42. Rg6 Be5 43. b3 Nd5 44. Bxd5 Bxd5 45. c4 Bc6 46. Ke3 Bd6 47. Kd4 b6 48. Re6 Kb7 0-1

[Event "Biel MTO op 52nd"]
[Site "Biel"]
[Date "2019.07.22"]
[Round "1"]
[White "Antipov, Mikhail Al"]
[Black "Schweizer, Simon"]
[Result "1-0"]
[WhiteElo "2582"]
[BlackElo "2163"]
[PlyCount "81"]
[EventDate "2019.07.22"]
[EventType "swiss"]
[EventRounds "9"]
[EventCountry "SUI"]
[SourceTitle "CBM 191 Extra"]
[Source "ChessBase"]
[SourceDate "2019.09.30"]
[SourceVersion "1"]
[SourceVersionDate "2019.09.30"]
[SourceQuality "1"]

1. e4 e5 2. Nf3 Nc6 3. Bb5 a6 4. Ba4 Nf6 5. 0-0 Be7 6. Re1 b5 7. Bb3 d6 8. c3 0-0 9. h3 Nb8 10. d4 Nbd7 11. Nbd2 Bb7 12. c4 h6 13. Qe2 c6 14. a4 bxa4 15. Bxa4 c5 16. d5 Nb6 17. Bc2 a5 18. Nb1 Ba6 19. Nfd2 Bc8 20. Nf1 Re8 21. Bd2 a4 22. Nc3 Bd7 23. Ne3 Bf8 24. Ra3 g6 25. Rea1 Bg7 26. Kh2 Qe7 27. Ned1 Nh5 28. Nxa4 Nxa4 29. Bxa4 Bxa4 30. Rxa4 Rxa4 31. Rxa4 Nf4 32. Qf3 Qd7 33. Qa3 Rb8 34. Nc3 Bf8 35. Nb5 Qd8 36. Ra7 Qh4 37. Qf3 h5 38. Ra3 g5 39. Bxf4 Qxf4+ 40. g3 Qc1 41. Ra7 1-0

[Event "JPN-ch 52nd"]
[Site "Tokyo"]
[Date "2019.05.02"]
[Round "7"]
[White "Schweizer, Simon"]
[Black "Shioguchi, Tatsuya"]
[Result "1/2-1/2"]
[WhiteElo "2186"]
[BlackElo "1937"]
[PlyCount "116"]
[EventDate "2019.04.29"]
[EventType "swiss"]
[EventRounds "10"]
[EventCountry "JPN"]
[SourceTitle "CBM 190 Extra"]
[Source "ChessBase"]
[SourceDate "2019.07.15"]
[SourceVersion "1"]
[SourceVersionDate "2019.07.15"]
[SourceQuality "1"]

1. e4 e6 2. d4 d5 3. Nc3 Bb4 4. e5 c5 5. a3 Bxc3+ 6. bxc3 Ne7 7. Qg4 Kf8 8. Bd3 Qa5 9. Bd2 Qa4 10. Kd1 b6 11. Nf3 Ba6 12. Bxa6 Nxa6 13. h4 h5 14. Qg5 Nf5 15. g4 hxg4 16. Qxg4 Rc8 17. Ra2 cxd4 18. cxd4 Rc4 19. Rg1 g6 20. Qg5 Qd7 21. Qf6 Kg8 22. c3 Qe7 23. Bg5 Rxc3 24. Qxe7 Nxe7 25. Bxe7 Rxf3 26. Rc2 Kg7 27. Ke2 Rf4 28. Ke3 Re4+ 29. Kd3 Rf4 30. Rg3 Rb8 31. f3 Rb7 32. Bg5 Rf5 33. f4 Nc7 34. Rg1 Ne8 35. Rgc1 f6 36. exf6+ Nxf6 37. Rc7+ Rxc7 38. Rxc7+ Kg8 39. Rxa7 Nh5 40. Ke3 Rf7 41. Ra6 Rb7 42. Bd8 Ng7 43. Rxb6 Ra7 44. Rb3 Nf5+ 45. Kd3 Ra4 46. Bf6 Kf7 47. Be5 Nxh4 48. Rb7+ Kg8 49. Bd6 Nf3 50. Bb4 g5 51. fxg5 Nxg5 52. Ke3 Ra6 53. Bc5 Nf7 54. Rb6 Rxb6 55. Bxb6 Kf8 56. Kf4 Ke8 57. a4 Kd7 58. Bc5 Kc6 1/2-1/2

[Event "JPN-ch 52nd"]
[Site "Tokyo"]
[Date "2019.04.30"]
[Round "3"]
[White "Schweizer, Simon"]
[Black "Manabe, Hiroshi"]
[Result "0-1"]
[WhiteElo "2186"]
[BlackElo "2056"]
[PlyCount "68"]
[EventDate "2019.04.29"]
[EventType "swiss"]
[EventRounds "10"]
[EventCountry "JPN"]
[SourceTitle "CBM 190 Extra"]
[Source "ChessBase"]
[SourceDate "2019.07.15"]
[SourceVersion "1"]
[SourceVersionDate "2019.07.15"]
[SourceQuality "1"]

1. e4 e6 2. d4 d5 3. Nc3 dxe4 4. Nxe4 Nd7 5. Nf3 Ngf6 6. Bd3 c5 7. Nxf6+ Nxf6 8. Be3 Nd5 9. Bb5+ Bd7 10. Bxd7+ Qxd7 11. Ne5 Qc7 12. c4 Nb6 13. Qb3 cxd4 14. Bxd4 Bd6 15. Qb5+ Nd7 16. 0-0-0 Bxe5 17. Bxe5 Qxe5 18. Qxd7+ Kf8 19. Rd2 g6 20. Qxb7 Kg7 21. Qf3 Rab8 22. Rhd1 Rhc8 23. Rc2 Rxc4 24. Qa3 Rxc2+ 25. Kxc2 Qf5+ 26. Qd3 Qxf2+ 27. Qd2 Qf5+ 28. Qd3 Rc8+ 29. Kb1 Rd8 30. Qxf5 Rxd1+ 31. Kc2 gxf5 32. Kxd1 Kf6 33. Ke2 Ke5 34. Ke3 f6 0-1

[Event "Tokyo op"]
[Site "Tokyo"]
[Date "2018.10.08"]
[Round "5"]
[White "Schweizer, Simon"]
[Black "Asaka, Samuel"]
[Result "1-0"]
[WhiteElo "2192"]
[BlackElo "2171"]
[PlyCount "119"]
[EventDate "2018.10.06"]
[EventType "swiss"]
[EventRounds "6"]
[EventCountry "JPN"]
[SourceTitle "CBM 187 Extra"]
[Source "ChessBase"]
[SourceDate "2018.11.04"]
[SourceVersion "1"]
[SourceVersionDate "2018.11.04"]
[SourceQuality "1"]

1. e4 c6 2. d4 d5 3. e5 Bf5 4. Nf3 e6 5. Be2 Ne7 6. 0-0 Ng6 7. Be3 Nd7 8. Nbd2 f6 9. exf6 Qxf6 10. c4 Bd6 11. Qb3 Rb8 12. Rfe1 0-0 13. g3 b5 14. cxd5 cxd5 15. a4 b4 16. Rac1 Rfc8 17. a5 Qd8 18. Qa4 Rxc1 19. Rxc1 Rc8 20. Rc6 Rxc6 21. Qxc6 Nb8 22. Qa4 Qc7 23. Qe8+ Nf8 24. a6 Bg6 25. Qb5 Nbd7 26. Kg2 h6 27. Ne1 Qc1 28. Nc4 Qxe1 29. Nxd6 Nb6 30. h4 Bc2 31. Bg4 Ba4 32. Qc5 Qa1 33. Qc7 Bd7 34. Qxa7 Nc8 35. Qc5 Qxa6 36. Nxc8 Bxc8 37. Qxb4 Qd3 38. Qd6 Ba6 39. Bxe6+ Nxe6 40. Qxe6+ Kh7 41. Qxd5 Bc4 42. Qf3 Qb3 43. Qf5+ Kh8 44. g4 Be6 45. Qe5 Kh7 46. Kg3 Bd5 47. g5 hxg5 48. hxg5 Bf7 49. Qf5+ Bg6 50. Qh3+ Kg8 51. Qc8+ Kh7 52. Qc3 Qd1 53. f3 Bh5 54. Bf2 Bf7 55. b4 Be6 56. Qc6 Qb3 57. Qe4+ Kh8 58. g6 Bd5 59. Qh4+ Kg8 60. Qd8# 1-0

[Event "Basel op"]
[Site "Basel"]
[Date "2018.01.07"]
[Round "9"]
[White "Schweizer, Simon"]
[Black "Paul, Johannes"]
[Result "1-0"]
[WhiteElo "2159"]
[BlackElo "2331"]
[PlyCount "115"]
[EventDate "2018.01.02"]
[EventType "swiss"]
[EventRounds "9"]
[EventCountry "SUI"]
[SourceTitle "CBM 182 Extra"]
[Source "ChessBase"]
[SourceDate "2018.02.23"]
[SourceVersion "1"]
[SourceVersionDate "2018.02.23"]
[SourceQuality "1"]

1. Nf3 Nf6 2. c4 g6 3. g3 Bg7 4. Bg2 0-0 5. 0-0 d6 6. d4 Nc6 7. Nc3 Bf5 8. Ne1 Qd7 9. e4 Bh3 10. Nc2 Bxg2 11. Kxg2 e5 12. d5 Ne7 13. f3 Nh5 14. Be3 f5 15. Qd2 f4 16. Bg1 Bh6 17. g4 Nf6 18. h3 Bg5 19. Kf2 h5 20. Ke1 hxg4 21. hxg4 c6 22. Qe2 cxd5 23. cxd5 a6 24. a4 Rac8 25. Bb6 Kg7 26. Kd1 Rh8 27. Ne1 Bh4 28. Nd3 Bg3 29. Bg1 g5 30. Ra3 Ng6 31. Rb3 Rh1 32. Rb6 Nh4 33. a5 Rc7 34. Kc2 Ne8 35. Kb3 Nf6 36. Nd1 Rh3 37. Nc3 Rh1 38. Ka3 Rh3 39. Nb4 Kf7 40. Kb3 Qe7 41. Nd3 Qd7 42. Nb1 Ke7 43. Nxe5 dxe5 44. d6+ Qxd6 45. Rxd6 Kxd6 46. Nc3 Rc6 47. Rd1+ Ke6 48. Na4 Kf7 49. Nc3 Kg6 50. Nd5 Be1 51. Ne7+ Kg7 52. Nxc6 bxc6 53. Qxa6 Nxf3 54. Ka2 Kg6 55. Qxc6 Rh7 56. Bb6 Bd2 57. a6 Be3 58. a7 1-0

[Event "Basel op"]
[Site "Basel"]
[Date "2018.01.03"]
[Round "2"]
[White "Sadeghi, Hassan Roger"]
[Black "Schweizer, Simon"]
[Result "1/2-1/2"]
[WhiteElo "2089"]
[BlackElo "2159"]
[PlyCount "40"]
[EventDate "2018.01.02"]
[EventType "swiss"]
[EventRounds "9"]
[EventCountry "SUI"]
[SourceTitle "CBM 182 Extra"]
[Source "ChessBase"]
[SourceDate "2018.02.23"]
[SourceVersion "1"]
[SourceVersionDate "2018.02.23"]
[SourceQuality "1"]

1. Nf3 Nf6 2. c4 e6 3. b3 d5 4. Bb2 c5 5. g3 Nc6 6. Bg2 d4 7. 0-0 Bd6 8. e3 e5 9. exd4 cxd4 10. b4 0-0 11. b5 Ne7 12. d3 Ng6 13. Nbd2 Bf5 14. Nb3 Nd7 15. Re1 Re8 16. h4 Bb4 17. Re2 Bg4 18. Re4 Bf5 19. Re2 Bg4 20. Re4 Bf5 1/2-1/2

[Event "Basel op"]
[Site "Basel"]
[Date "2017.01.08"]
[Round "9"]
[White "Pelletier, Yannick"]
[Black "Schweizer, Simon"]
[Result "1-0"]
[WhiteElo "2576"]
[BlackElo "2131"]
[PlyCount "45"]
[EventDate "2017.01.02"]
[EventType "swiss"]
[EventRounds "9"]
[EventCountry "SUI"]
[SourceTitle "EXT 2018"]
[Source "ChessBase"]
[SourceDate "2017.10.13"]
[SourceVersion "1"]
[SourceVersionDate "2017.10.13"]
[SourceQuality "1"]

1. d4 Nf6 2. c4 e6 3. Nf3 d5 4. Nc3 c6 5. e3 Nbd7 6. Qc2 Bd6 7. b3 0-0 8. Be2 Re8 9. 0-0 Qe7 10. a4 a5 11. Bb2 dxc4 12. bxc4 e5 13. c5 Bc7 14. Rae1 e4 15. Nd2 Nf8 16. f3 Ng4 17. fxg4 Qh4 18. h3 f5 19. Ndxe4 fxe4 20. Nxe4 Bxg4 21. Bxg4 Rxe4 22. Qxe4 Qg3 23. Qf3 1-0

[Event "Basel op"]
[Site "Basel"]
[Date "2017.01.03"]
[Round "2"]
[White "Schweizer, Simon"]
[Black "Van Foreest, Jorden"]
[Result "0-1"]
[WhiteElo "2131"]
[BlackElo "2612"]
[PlyCount "76"]
[EventDate "2017.01.02"]
[EventType "swiss"]
[EventRounds "9"]
[EventCountry "SUI"]
[SourceTitle "CBM 176 Extra"]
[Source "ChessBase"]
[SourceDate "2017.03.02"]
[SourceVersion "1"]
[SourceVersionDate "2017.03.02"]
[SourceQuality "1"]

1. e4 c5 2. Nf3 e6 3. d4 cxd4 4. Nxd4 d6 5. Nc3 a6 6. g3 Nf6 7. Bg2 Be7 8. 0-0 0-0 9. h3 Qc7 10. f4 Nc6 11. Kh2 Nxd4 12. Qxd4 e5 13. Qd3 Be6 14. b3 Rac8 15. Bb2 Rfd8 16. f5 Bd7 17. Rad1 b5 18. a3 a5 19. Rd2 Qb7 20. Nd5 Nxd5 21. exd5 Bf6 22. Be4 b4 23. a4 Rc5 24. Rg2 Bc8 25. Rff2 Qa6 26. Qf3 Qa8 27. h4 Bb7 28. Rd2 Rdc8 29. Kh3 Ba6 30. g4 Rc3 31. Bxc3 Rxc3 32. Bd3 Bb7 33. Rg3 Bxd5 34. Qd1 e4 35. Bf1 Rc5 36. Re3 Be5 37. Rf2 Bb7 38. Bg2 d5 0-1

[Event "SUI-ch op"]
[Site "Leukerbad"]
[Date "2015.07.09"]
[Round "1"]
[White "Schweizer, Simon"]
[Black "Miezis, Normunds"]
[Result "0-1"]
[WhiteElo "2189"]
[BlackElo "2508"]
[PlyCount "44"]
[EventDate "2015.07.09"]
[EventType "swiss"]
[EventRounds "9"]
[EventCountry "SUI"]
[SourceTitle "EXT 2019"]
[Source "ChessBase"]
[SourceDate "2018.10.10"]
[SourceVersion "1"]
[SourceVersionDate "2018.10.10"]
[SourceQuality "1"]

1. e4 c5 2. Nf3 e6 3. d4 cxd4 4. Nxd4 a6 5. Bd3 Nc6 6. Nxc6 dxc6 7. 0-0 e5 8. Nd2 Qc7 9. a4 Nf6 10. Bc4 Be7 11. c3 0-0 12. Qe2 a5 13. Nb3 Bd7 14. Kh1 Rab8 15. Bd3 Rfd8 16. h3 Ra8 17. Be3 Bxh3 18. gxh3 Qd7 19. Bc2 Qxh3+ 20. Kg1 Ng4 21. f3 Nxe3 22. Qxe3 Rd6 0-1